000 01101nam a2200241 i 4500
001 103711
003 ES-MaACL
005 20250820095415.0
007 t|
008 060509s1999 sp ||||1| spa d
080 _a929 Francisco Javier, Santo
080 _a271.5-9(529)"15"
100 0 _aGómez-Tabanera, José Manuel,
_d1926-2011
_958165
245 1 0 _aXaveriana
_b: luces y sombras de la primera evangelización católica del Japón /
_cJosé Manuel Gómez-Tabanera.
260 _a[Oviedo] :
_bJ.M. Gómez-Tabanera,
_c[1999]
300 _a28 p. ;
_c21 cm.
500 _aPonencia presentada en el I Coloquio Internacional de Estudios sobre Africa y Asia del 29 de octubre al 1 de noviembre de 1999 ; organizan el Instituto de Estudios Ceutíes, Editorial Algazara ; colabora, Centro de Profesoses de Ceuta.
600 1 4 _aFrancisco Javier
_cSanto.
_952196
610 2 4 _aJesuítas-
_xMisiones-
_zJapón
_95358
711 2 _aColoquio Internacional de Estudios sobre África y Asia
_n(1º.
_d1999.
_cCeuta)
_9100
852 _aES-MaACL
_j2201-F-19
_bR.137578
999 _c103711
_d103711